Dramas y tragedias / (Registro nro. 857)
[ vista simple ]
| 000 -LEADER | |
|---|---|
| fixed length control field | 00921nam a22002535a 4500 |
| 003 - CONTROL NUMBER IDENTIFIER | |
| control field | AR-RoUNCS |
| 005 - DATE AND TIME OF LATEST TRANSACTION | |
| control field | 20251217145926.0 |
| 008 - FIXED-LENGTH DATA ELEMENTS--GENERAL INFORMATION | |
| fixed length control field | 250626s1967 sp gr 001 d spa |
| 040 ## - CATALOGING SOURCE | |
| Original cataloging agency | AR-BaBN |
| Language of cataloging | spa |
| Transcribing agency | AR-RoUNCS |
| Description conventions | aacr |
| 041 1# - LANGUAGE CODE | |
| Language code of text/sound track or separate title | spa |
| Language code of original | grc |
| 100 0# - MAIN ENTRY--PERSONAL NAME | |
| Personal name | Eurípides |
| Relator term | autor |
| Relationship | aut |
| 245 10 - TITLE STATEMENT | |
| Title | Dramas y tragedias / |
| Statement of responsibility, etc. | Eurípides ; versión, prólogo y notas por Florencia Grau. |
| 260 ## - PUBLICATION, DISTRIBUTION, ETC. | |
| Place of publication, distribution, etc. | Barcelona : |
| Name of publisher, distributor, etc. | Iberia, |
| Date of publication, distribution, etc. | 1967. |
| 300 ## - PHYSICAL DESCRIPTION | |
| Extent | xii, 221 p. ; |
| Dimensions | 19 cm. |
| 490 0# - SERIES STATEMENT | |
| Series statement | Obras Maestras |
| 505 0# - FORMATTED CONTENTS NOTE | |
| Formatted contents note | Alcestes -- Las troyanas -- Higenia en Táuride -- Electra -- El cíclope. |
| 561 1# - OWNERSHIP AND CUSTODIAL HISTORY | |
| Materials specified | Inventario 01259785: |
| Institution to which field applies | AR-BaBN |
| 650 #7 - SUBJECT ADDED ENTRY--TOPICAL TERM | |
| Source of heading or term | embne |
| Topical term or geographic name entry element | Literatura clásica |
| 650 #7 - SUBJECT ADDED ENTRY--TOPICAL TERM | |
| Source of heading or term | embne |
| Topical term or geographic name entry element | Tragedia griega |
| 655 #4 - INDEX TERM--GENRE/FORM | |
| Genre/form data or focus term | Tragedias |
| 655 #4 - INDEX TERM--GENRE/FORM | |
| Genre/form data or focus term | Antologías |
| 700 1# - ADDED ENTRY--PERSONAL NAME | |
| Personal name | Grau, Florencia |
| Relator term | traductora |
| Relationship | trl |
| Relator term | prologuista |
| Relationship | aui |
| Relator term | editora literaria |
| Relationship | edt |
| 942 ## - ADDED ENTRY ELEMENTS (KOHA) | |
| Source of classification or shelving scheme | Universal Decimal Classification |
| Koha item type | Libro de préstamo a domicilio |
| Suppress in OPAC | No |
| Withdrawn status | Lost status | Source of classification or shelving scheme | Damaged status | Not for loan | Collection | Home library | Current library | Date acquired | Source of acquisition | Total checkouts | Full call number | Barcode | Date last seen | Price effective from | Koha item type |
|---|---|---|---|---|---|---|---|---|---|---|---|---|---|---|---|
| Universal Decimal Classification | Colección General | Biblioteca Escuela de Ciencias Sociales | Biblioteca Escuela de Ciencias Sociales | 17/12/2025 | Donación 2023 | 82-21(38) EU89 | 000509 | 17/12/2025 | 17/12/2025 | Libro de préstamo a domicilio |